| 000 | 00509 a2200181 4500 | ||
|---|---|---|---|
| 001 | ART_6622 | ||
| 005 | 20260410161826.0 | ||
| 008 | 260409a | ||
| 245 | 1 | 0 | _aPaseo "Lanchas amarillas" |
| 100 | 1 | _aBertolotti, María Isabel | |
| 700 | 1 | _aBertoni, Marcela | |
| 700 | 1 | _aErrazti, Elizabeth | |
| 700 | 1 | _aFoutel, Mariana | |
| 700 | 1 | _aGnecco, Martín | |
| 700 | 1 | _aLasta, Carlos | |
| 700 | 1 | _aPagani, Andrea Noemí | |
| 773 | 0 |
_tFACES _g- Año 10, Nº 20 (may./ago. 2004) _wREV5046 |
|
| 999 |
_c22785 _d22785 |
||